000 00356nam a2200145Ia 4500
008 230312s9999||||xx |||||||||||||| ||und||
020 _a89-5770-071-4
082 _a729
_bINT
245 0 _aSpace:Entrance & Corridor & Office Room
260 _bARCHIWORLD
_aKorea
300 _a287
546 _aEng.
650 _aArchitecture
_vInterior Space
942 _cBK
999 _c9214
_d9214